000 00629nam a2200217Ia 4500
005 20241129115723.0
008 241129s9999||||xx |||||||||||||| ||und||
020 _a9788195764020
037 _aTB
040 _aSDCL
_beng
_cSDCL
041 _aeng
_2eng
084 _aDelta:(Q) R3
_qSDCL
100 _aBuhnemann Gudrun
_9591744
245 0 _aTantric wordhip of Mahaganapati: Accourding to the Nityotsava and other texts 2 parts
260 _aNew Delhi
_bAditya Prakashan
_c2023
300 _aXL,254p.
365 _aINR
_b2400
650 _aSanskrit
942 _cTB
_hDelta:(Q) R3
999 _c1231711
_d1231711